000 00841nam a22002297a 4500
003 0
005 20250729112633.0
008 250729b xxu||||| |||| 00| 0 eng d
020 _a9781529667257
050 _aHD6331
_b.A78 2025
245 _aArtificial intelligence and work:
_btransforming work, organizations, and society in an age of insecurity.
_cedited by John Bratton and Laura Steele
260 _aLondon
_bSage
_c2025
300 _axx, 276 pages ;
_c25cm.
504 _aIncludes bibliographical references and index.
650 _aArtificial intelligence—Economic aspects.
650 _aLabor—Effect of technological innovations on.
650 _aWork—Technological innovations.
650 _aAutomation—Social aspects.
700 _aBratton, John
_eeditor
700 _aSteele, Laura
_eeditor
942 _2lcc
_cBK
999 _c367483
_d367483